Normas sobre informes de la auditoría externa de estados contables con fines generales. Tercera parte (Registro nro. 10501)

Detalles MARC
000 -LEADER
fixed length control field 00435 a2200121 4500
001 - CONTROL NUMBER
control field ART_56512
005 - DATE AND TIME OF LATEST TRANSACTION
control field 20260410161609.0
008 - FIXED-LENGTH DATA ELEMENTS--GENERAL INFORMATION
fixed length control field 260409a
100 1# - MAIN ENTRY--PERSONAL NAME
Personal name Oubiña, Gabriel H.
245 10 - TITLE STATEMENT
Title Normas sobre informes de la auditoría externa de estados contables con fines generales. Tercera parte
700 1# - ADDED ENTRY--PERSONAL NAME
Personal name Faccendini, Yanina C.
773 0# - HOST ITEM ENTRY
Title Profesional & Empresaria
Related parts - Año XXIII, Nº 274 (jul. 2022)
Record control number REV70

No hay ítems disponibles.